Iacobi Cuiacii IC. praestantissimi Operum postumorum quae de iure reliquit, tomus primus [-quartus]... a mendis quibus anteà scatebant pene innumeris repurgatae, partim ope M. S. Codicum, in primis vero studio Th. Guerini, & Cl. Colombet iurisc. (Record no. 153363)

MARC details
000 -LEADER
campo de control de longitud fija 02485nam a2200289 i 4500
001 - NÚMERO DE CONTROL
campo de control 153363
003 - IDENTIFICADOR DE NÚMERO DE CONTROL
campo de control ES-MaACL
005 - FECHA Y HORA DE LA ÚLTIMA TRANSACCIÓN
campo de control 20251001145631.0
008 - DATOS DE LONGITUD FIJA--INFORMACIÓN GENERAL
campo de control de longitud fija 050812s1637 fr |||| | lat d
100 1# - ENTRADA PRINCIPAL--NOMBRE DE PERSONA
Nombre de persona Cujas, Jacques (
Fechas asociadas al nombre 1522-1590)
9 (RLIN) 42126
245 10 - MENCIÓN DEL TÍTULO
Título Iacobi Cuiacii IC. praestantissimi Operum postumorum quae de iure reliquit, tomus primus [-quartus]... a mendis quibus anteà scatebant pene innumeris repurgatae, partim ope M. S. Codicum, in primis vero studio Th. Guerini, & Cl. Colombet iurisc.
250 ## - MENCION DE EDICION
Mención de edición Secunda editio ab eodem Cl. Colombet denuò recognita.
260 ## - PUBLICACIÓN, DISTRIBUCIÓN, ETC.
Lugar de publicación, distribución, etc. Lutetiae Parisiorum :
Nombre del editor, distribuidor, etc. apud Ioannem Germont ...,
Fecha de publicación, distribución, etc. 1637.
300 ## - DESCRIPCIÓN FÍSICA
Extensión 4 v. ([8] p., 836 col., [6] p., 684 col., [66] p., [2] en bl. ; [8] p., 1260 col., [2] p., 295 col., [68] p., 584 col., [24] p. ; [4] p., 2461 col., [100] p. ; [12] p., 1524 col., [74] p., 410 col., p. 411-415, [10] p.) ;
Dimensiones 36 cm.
505 8# - NOTA DE CONTENIDO CON FORMATO
Nota de contenido con formato Contiene: Tomus primus: sive Papinianus; quo continentur ad universa Papiniani opera, quae in Pandectis supersunt, recitatationes acutissimae ; Tomus secundus. Sive Julius Paulus, id est a Iulÿ Pauli. Libr. ad Edictum, & Libr. quaestionum... ; Tomus tertius. Sive ad diversos titulos Pandectarum recitationes absolutissimae, non solùm quae anteà fuerunt editae sed & aliae pleraeque de novo adiectae, ut tertia pagina docebit.. ; Tomus quartus : Sive codex justinianus, idest, ad codicem instinianum, & lib. II. III. & IV. decretalium Gregorii recitationes selemnes, non solum emendatiores ijs omnibus quae antea in lucem prodierunt, sed & longè auctiores, ut ex sequenti pagina constabit..
530 ## - NOTA DISPONIBLE DE FORMULARIO FÍSICO ADICIONAL
Nota de formato físico adicional disponible Disponible en formato digital.
597 ## - NOTA DE DESCRIPCIÓN FÍSICA
NOTA DE DESCRIPCIÓN FÍSICA Sign: a4, 2A-3L6, 3M4, 3N2, A-2K6, 2L4, 2M2 ; *4, A-2A4, 3A-3F6, 3G4, a-s6, a-c6, A-Z6, 2A-2B4, 2A-2B6 ; Sign.: []2, A-5T6, 5V4 ; *4, 2*8, A-3Z6, A-T6.
597 ## - NOTA DE DESCRIPCIÓN FÍSICA
NOTA DE DESCRIPCIÓN FÍSICA Port. a dos tintas con grab. calc. de retrato.
597 ## - NOTA DE DESCRIPCIÓN FÍSICA
NOTA DE DESCRIPCIÓN FÍSICA Texto a dos col.
650 #7 - PUNTO DE ACCESO ADICIONAL DE MATERIA--TÉRMINO DE MATERIA
Término de materia o nombre geográfico como elemento de entrada Derecho romano
Fuente del encabezamiento o término embne
9 (RLIN) 11764
700 1# - ENTRADA AGREGADA--NOMBRE PERSONAL
Nombre de persona Colombet, Claude,
Fechas asociadas al nombre s. XVII
9 (RLIN) 126550
700 1# - ENTRADA AGREGADA--NOMBRE PERSONAL
Nombre de persona Guérin, Th.
9 (RLIN) 165167
852 ## - LOCALIZACIÓN
Ubicación ES-MaACL
Número de control de estantería R-1515-21-
Nota libre - Enc. hol.
-- - "Conforme al expurgo de 1707 ..."
condición física - T. 2º, falto de la últimas p. (cuadernillo 2B)
-- - T. 3º, falto de port.
Nota libre - Errores de pag. a partir de la col. 1080
Encuadernación - Olim: G-2203-8
856 ## - LOCALIZACIÓN Y ACCESO ELECTRÓNICOS
Identificador Uniforme de Recursos <a href="https://bvpb.mcu.es/es/consulta/registro.do?id=577753 ">https://bvpb.mcu.es/es/consulta/registro.do?id=577753 </a>
Nota pública Biblioteca Virtual del Patrimonio Bibliográfico
942 ## - ELEMENTOS DE ENTRADA SECUNDARIOS (KOHA)
Fuente del sistema de clasificación o colocación Clasificación decimal universal
Tipo de ítem Koha Libro impreso antiguo
Suprimir en OPAC No
Holdings
Estatus retirado Estado de pérdida Estado de daño No para préstamo Colección Biblioteca de origen Biblioteca actual Ubicación en estantería Fecha de adquisición Total de préstamos Signatura topográfica completa Código de barras Visto por última vez Precio de reemplazo Tipo de ítem Koha
        Colección digital Biblioteca del Ateneo de Madrid Biblioteca del Ateneo de Madrid Depósito 17/01/2008   R-1518-21 1160277 23/02/2023 23/02/2023 Libro impreso antiguo